Les 5 pays par continent qui ont le plus de médailles aux JO - Statistiques

Statistiques générales
  • Ce quiz a été pris 1 270 fois
    546 depuis la dernière actualisation
  • Le résultat moyen est 25 sur 30
Statistiques - réponses
Continent Pays Médailles % Correct
Europe France 977
100%
Asie Chine 802
98%
Amérique du Nord États-Unis 3127
98%
Océanie Australie 625
97%
Amérique du Sud Brésil 171
97%
Asie Japon 641
97%
Europe Royaume-Uni 1018
97%
Europe Allemagne 1331
96%
Amérique du Sud Argentine 80
95%
Amérique du Nord Canada 599
95%
Europe Italie 829
95%
Océanie Nouvelle-Zélande 163
93%
Amérique du Nord Mexique 77
92%
Amérique du Sud Chili 15
88%
Afrique Afrique du Sud 96
87%
Asie Corée du Sud 399
87%
Amérique du Sud Colombie 38
86%
Amérique du Nord Cuba 244
78%
Amérique du Nord Jamaïque 94
76%
Océanie Fidji 4
74%
Europe Suède 708
74%
Amérique du Sud Venezuela 19
74%
Afrique Égypte 41
72%
Afrique Kenya 124
72%
Afrique Éthiopie 62
65%
Asie Turquie 112
60%
Océanie Samoa 1
59%
Océanie Tonga 1
59%
Afrique Nigéria 27
53%
Asie Kazakhstan 88
42%
Aucun quiz correspondant
Distribution des résultats
% des personnes avec chaque résultat
Percentile par nombre de réponses
Votre historique - résultats
Vous n’avez pas pris ce quiz depuis la dernière actualisation